| 000 | 00380nam a2200169Ia 4500 | ||
|---|---|---|---|
| 001 | 10434 | ||
| 008 | 140328s9999 xx 000 0 und d | ||
| 020 | _a0-672-30703-0 | ||
| 040 | _cPK-LaUMT | ||
| 082 |
_a 005.3 _bKEL-P |
||
| 100 | _aKelsey, James | ||
| 245 |
_aProgramming plug and play _cKelsey, James |
||
| 260 | _c1995 | ||
| 300 | _a363 p. | ||
| 546 | _aEN | ||
| 942 | _cBK | ||
| 999 |
_c11429 _d11429 |
||